Littérature 1 - Statistiques

Statistiques générales
  • Ce quiz a été pris 171 fois
  • Le résultat moyen est 34 sur 50
Statistiques - réponses
Titre livre Auteur % Correct
Les misérables Victor Hugo
99%
L'étranger Albert Camus
97%
Germinal Emile Zola
97%
Le tour du monde en 80 jours Jules Verne
97%
L'Avare Molière
97%
Le petit prince Antoine de Saint-Exupéry
96%
Les fleurs du mal Charles Baudelaire
94%
Bel-Ami Guy de Maupassant
94%
Candide Voltaire
94%
Les trois mousquetaires Alexandre Dumas
92%
Roméo et Juliette William shakespeare
92%
1984 George orwell
90%
Les fables La fontaine
86%
Le rouge et le noir Stendhal
86%
Le cid Pierre Corneille
85%
Madame Bovary Gustave Flaubert
84%
Le seigneux des anneaux JR Tolkien
83%
Le Père Goriot Honoré de Balzac
79%
Phèdre Jean Racine
79%
La gloire de mon père Marcel Pagnol
79%
A la recherche du temps perdu Marcel Proust
75%
La métamorphose Franz Kafka
74%
Voyage au bout de la nuit Louis-Ferdinand Celine
72%
Ils étaient dix Agatha Christie
70%
L'écume des jours Boris Vian
66%
Rhinoceros Eugène Ionesco
62%
Orgueil et préjugés Jane Austen
62%
Antigone Jean Anouilh
61%
Le mariage de figaro Beaumarchais
59%
Jacques le fataliste Denis Diderot
57%
Crime et chatiment Dostoievski
57%
Le portrait de Dorian Gray Oscar Wilde
57%
Croc-blanc Jack London
56%
Des souris et des hommes John Steinbeck
55%
Bonjour tristesse Francoise Sagan
54%
L'amant Marguerite duras
54%
L'île au trésor Robert Louis Stevenson
53%
Sherlock Holmes : le chien des Baskerville Arthur Conan Doyle
52%
Olivier Twist Charles Dickens
52%
On ne badine pas avec l'amour Alfred de Musset
51%
Le joueur d'échecs Stefan Zweig
49%
La vie devant soi Romain Gary
48%
Le jeu de l'amour et du hasard Pierre de Marivaux
47%
Si c'est un homme Primo Levi
47%
Les souffrances du jeune Werther Goethe
37%
Le hussard sur le toit Jean Giono
36%
La nuit des temps René Barjavel
33%
Belle du seigneur Albert Cohen
32%
La vénus d'Ille Prosper Mérimée
28%
Le cycle de fondation Isaac Asimov
17%
Aucun quiz correspondant
Distribution des résultats
% des personnes avec chaque résultat
Percentile par nombre de réponses
Votre historique - résultats
Vous n’avez pas pris ce quiz